Zjemnenie konjunkcie v SQL dopytoch bakalárska práca

Gespeichert in:
Bibliographische Detailangaben
1. Verfasser: Kubišová, Soňa
Körperschaft: Fakulta hospodárskej informatiky EU. Katedra aplikovanej informatiky
Weitere Verfasser: Hudec, Miroslav, 1969-
Format: Buch
Sprache:Slowakisch
Veröffentlicht: Bratislava 2020
Tags: Tag hinzufügen
Keine Tags, Fügen Sie das erste Tag hinzu!

MARC

LEADER 00000nbm a2200000 4500
001 0264682
005 20210510105626.6
041 0 |a slo 
044 |a SK 
245 1 0 |a Zjemnenie konjunkcie v SQL dopytoch  |b bakalárska práca  |c Soňa Kubišová ; školiteľ: Miroslav Hudec 
264 1 |a Bratislava  |c 2020 
300 |a 50 s. 
100 1 |a Kubišová, Soňa 
700 1 |a Hudec, Miroslav, 1969- 
710 2 |a Fakulta hospodárskej informatiky EU. Katedra aplikovanej informatiky